| 000 -LEADER |
| fixed length control field |
01392cam a2200373 a 4500 |
| 001 - CONTROL NUMBER |
| control field |
15700303 |
| 003 - CONTROL NUMBER IDENTIFIER |
| control field |
NUST |
| 005 - DATE AND TIME OF LATEST TRANSACTION |
| control field |
20191011124231.0 |
| 008 - FIXED-LENGTH DATA ELEMENTS--GENERAL INFORMATION |
| fixed length control field |
090415s2009 fluab b 011 0 eng |
| 010 ## - LIBRARY OF CONGRESS CONTROL NUMBER |
| LC control number |
2009015404 |
| 015 ## - NATIONAL BIBLIOGRAPHY NUMBER |
| National bibliography number |
GBA945159 |
| Source |
bnb |
| 016 7# - NATIONAL BIBLIOGRAPHIC AGENCY CONTROL NUMBER |
| Record control number |
015175540 |
| Source |
Uk |
| 020 ## - INTERNATIONAL STANDARD BOOK NUMBER |
| International Standard Book Number |
9781439802526 (hbk. : alk. paper) |
| 020 ## - INTERNATIONAL STANDARD BOOK NUMBER |
| International Standard Book Number |
1439802521 (hbk. : alk. paper) |
| 035 ## - SYSTEM CONTROL NUMBER |
| System control number |
(OCoLC)ocn259265450 |
| 038 ## - RECORD CONTENT LICENSOR |
| Staff Name |
MSOHAIL |
| 040 ## - CATALOGING SOURCE |
| Original cataloging agency |
DLC |
| Transcribing agency |
DLC |
| Modifying agency |
BTCTA |
| -- |
YDXCP |
| -- |
UKM |
| -- |
C#P |
| -- |
BWX |
| -- |
CDX |
| -- |
DLC |
| 050 00 - LIBRARY OF CONGRESS CALL NUMBER |
| Classification number |
HT166 |
| Item number |
.N437 2009 |
| 082 00 - DEWEY DECIMAL CLASSIFICATION NUMBER |
| Classification number |
307.1216 |
| Edition number |
22 |
| 245 00 - TITLE STATEMENT |
| Title |
New frontiers in urban analysis : |
| Remainder of title |
in honor of Atsuyuki Okabe / |
| Statement of responsibility, etc. |
edited by Yasushi Asami, Yukio Sadahiro, Toru Ishikawa. |
| 260 ## - PUBLICATION, DISTRIBUTION, ETC. |
| Place of publication, distribution, etc. |
Boca Raton : |
| Name of publisher, distributor, etc. |
CRC Press, |
| Date of publication, distribution, etc. |
c2009. |
| 300 ## - PHYSICAL DESCRIPTION |
| Extent |
xviii, 253 p. : |
| Other physical details |
ill., maps ; |
| Dimensions |
25 cm. |
| 504 ## - BIBLIOGRAPHY, ETC. NOTE |
| Bibliography, etc. note |
Includes bibliographical references and indexes. |
| 650 #0 - SUBJECT ADDED ENTRY--TOPICAL TERM |
| Topical term or geographic name entry element |
City planning. |
| 9 (RLIN) |
808 |
| 650 #0 - SUBJECT ADDED ENTRY--TOPICAL TERM |
| Topical term or geographic name entry element |
Land use, Urban. |
| 9 (RLIN) |
23549 |
| 650 #0 - SUBJECT ADDED ENTRY--TOPICAL TERM |
| Topical term or geographic name entry element |
Spatial analysis (Statistics) |
| 9 (RLIN) |
20641 |
| 700 1# - ADDED ENTRY--PERSONAL NAME |
| Personal name |
Asami, Yasushi, |
| Dates associated with a name |
1960- |
| 9 (RLIN) |
23550 |
| 700 1# - ADDED ENTRY--PERSONAL NAME |
| Personal name |
Sadahiro, Yukio, |
| Dates associated with a name |
1966- |
| 9 (RLIN) |
23551 |
| 700 1# - ADDED ENTRY--PERSONAL NAME |
| Personal name |
Ishikawa, Toru, |
| Dates associated with a name |
1971- |
| 9 (RLIN) |
23552 |
| 700 1# - ADDED ENTRY--PERSONAL NAME |
| Personal name |
Okabe, Atsuyuki, |
| Dates associated with a name |
1945- |
| 9 (RLIN) |
23553 |
| 906 ## - LOCAL DATA ELEMENT F, LDF (RLIN) |
| a |
7 |
| b |
cbc |
| c |
orignew |
| d |
1 |
| e |
ecip |
| f |
20 |
| g |
y-gencatlg |
| 942 ## - ADDED ENTRY ELEMENTS (KOHA) |
| Source of classification or shelving scheme |
|
| Koha item type |
Book |